| 000 | 00000nam 2200000za 4500 |
| 001 | 9.604354 |
| 003 | CaOODSP |
| 005 | 20250828113657 |
| 007 | cr ||||||||||| |
| 008 | 150406|1998||||xxc|||||o f|0| 0 fre d |
| 022 | |a1205-9161 |
| 040 | |aCaOODSP|bfre |
| 043 | |an-cn--- |
| 086 | 1 |aCS11-0019/120F-PDF |
| 100 | 1 |aBaldwin, John R. |q(John Russel) |
| 245 | 00|aExiste-t-il des secteurs d'activité de haute technologie ou seulement des entreprises de haute technologie? : |h[ressource électronique]|bÉtude basée sur les nouvelles entreprises axées sur la technologie / |cpar John R. Baldwin et Guy Gellatly. |
| 260 | |aOttawa - Ontario : |bStatistique Canada |cDécembre 1998. |
| 300 | |a62p.|bgraphiques, références, tableaux |
| 490 | 1 |aDocuments de recherche - Direction des études analytiques|x1205-9161|vN° 120 |
| 500 | |aLe n° de catalogue (11F0019MPF) et l'ISBN (0-660-96079-6) de l'édition imprimée ont été incorrectement copiés dans l'édition électronique. |
| 590 | |a12-35-Supp|b2012-08-09 |
| 691 | 07|aTechnologie de pointe|2gcpds |
| 691 | 07|aIndustrie|2gcpds |
| 710 | 2 |aStatistique Canada. |
| 775 | 08|tAre there high-tech industries or only high-tech firms? : |w(CaOODSP)9.574618 |
| 776 | 0#|tExiste-t-il des secteurs d'activité de haute technologie ou seulement des entreprises de haute technologie? : |w(CaOODSP)9.624922 |
| 830 | #0|aDocuments de recherche (Statistique Canada. Direction des études analytiques)|x1205-9161|vN° 120|w(CaOODSP)9.500842 |
| 856 | 40|ahttp://publications.gc.ca|qPDF|s211 Ko|uhttps://publications.gc.ca/collections/Collection/CS11-0019-120F.pdf|yN° 120 |